书目信息 |
| 题名: |
中国图书评论
|
|
| 作者: | ;中共中央宣传部出版局 编 | |
| 分册: | 第一辑 | |
| 出版信息: | 沈阳 辽宁人民出版社 1986 |
|
| 页数: | 243页 | |
| 开本: | 20cm | |
| 丛书名: | ||
| 单 册: | ||
| 中图分类: | G256.4 | |
| 科图分类: | ||
| 主题词: | 书评--中国--现代 , 图书馆学 , 图书馆事业 | |
| 电子资源: | ||
| ISBN: | ||
| 000 | 00747nam0 2200253 45 | |
| 001 | 0186003373 | |
| 005 | 20040424131228.7 | |
| 010 | @dCNY1.35 | |
| 100 | @a19951020d1986 em y0chiy0121 ea | |
| 101 | 0 | @achi |
| 102 | @aCN@b210000 | |
| 105 | @ay z 000yy | |
| 106 | @ar | |
| 200 | 10 | @a中国图书评论@h第一辑@Azhong guo tu shu ping lun@f中共中央宣传部出版局《中国图书评论》编辑组编 |
| 210 | @a沈阳@c辽宁人民出版社@d1986 | |
| 215 | @a243页@d20cm | |
| 606 | @a书评@y中国@z现代 | |
| 606 | 0 | @a图书馆学 |
| 606 | 0 | @a图书馆事业 |
| 690 | @aG256.4 | |
| 711 | 02 | @a中共中央宣传部出版局@4编@Azhong gong zhong yang xuan chuan bu chu ban ju |
| 801 | 0 | @aCN@b深圳图书馆@c20040424 |
| 801 | 2 | @aCN@bNLC@c20040424 |
| 905 | @f2@b164626-627@dG256.4@e17:1 | |
| 中国图书评论.第一辑/中共中央宣传部出版局《中国图书评论》编辑组编.-沈阳:辽宁人民出版社,1986 |
| 243页;20cm |
| ISBN :CNY1.35 |
| ● |
| 相关链接 |
|
|
|
|
正题名:中国图书评论
索取号:G256.4/17:1
 
预约/预借
| 序号 | 登录号 | 条形码 | 馆藏地/架位号 | 状态 | 备注 |
| 1 | 0164626 | 000212923 | 密集书库/ [索取号:G256.4/17:1] | 在馆 | |
| 2 | 0164627 | 000212889 | 密集书库/ [索取号:G256.4/17:1] | 在馆 | |
| 3 | 0164628 | 000491373 | 第一样本阅览室/ [索取号:G256.4/17:1] | 在馆 |